Guía para la reducción de las pérdidas de agua. Un enfoque en la gestión de la presión.

Bibliographic Details
Main Author:  Giz (Deutsche Gesellschaft fur international zusammenarbeit (GIZ) GmbH)
Format: Section = Libro
Language:Undetermined
Spanish
Published: Perú SIECA 2011
Subjects:
LEADER 00718nam a2200193Ia 4500
008 241007s9999||||xx |||||||||||||| ||und||
040 |a BIBLIOTECA-RURC/ 696 D477 
041 |a spa 
082 |a 696 D477 
100 1 |a  Giz (Deutsche Gesellschaft fur international zusammenarbeit (GIZ) GmbH) 
245 1 0 |a Guía para la reducción de las pérdidas de agua. Un enfoque en la gestión de la presión. 
260 |a Perú  |b SIECA  |c 2011 
300 |a 240 p. :il. 
650 7 |a INTRODUCCIÓN A LA REDUCCIÓN DE PÉRDIDAS DE AGUA 
650 7 |b  ENTENDER LAS PÉRDIDAS DE AGUA 
650 7 |c  DESARROLLO DE UNA ESTREGIA TÉCNICA PARA LA REDUCCIÓN DE PÉRDIDAS DE AGUA. 
942 |c BK  |2 ddc 
991 |a TEXTO 
999 |c 14584